000 00591nam a2200217Ia 4500
003 OSt
005 20220926012213.0
006 a|||||r|||| 00| 0
007 ta
008 220923b |||||||| |||| 00| 0 eng d
037 _cGeneral Book
040 _aRTL
_cRTL
_beng
041 _2eng
_aeng
082 _aB32, K2/SC
100 _aAKHIEZER Naum I.
_9315794
245 0 _aCalculus of variations.
260 _aNew York
_bBlaisdell Publishing Co.
_c1962
300 _aviii,247p.
_ccm.
942 _hB32, K2/SC
_cGB
_2CC
999 _c622053
_d622053